| 000 | 00533nam a2200193 a 4500 | ||
|---|---|---|---|
| 005 | 20140310183338.0 | ||
| 008 | 061106s19uu xx 00 eng d | ||
| 020 | _a1582553009 | ||
| 050 |
_aR 123 _b.M394 2005 |
||
| 245 | _aMedical terminology made incredibly easy!/. | ||
| 250 | _a2nd ed. | ||
| 260 |
_aPhiladelphia : _bLippincott Williams & Wilkins, _c2005. |
||
| 300 | _a377 ;p. | ||
| 521 | _aNUR | ||
| 650 |
_aMedicine _xTerminology. |
||
| 650 |
_aMedical Sciences _xTerminology. |
||
| 942 |
_cBK _2lcc _kFOR |
||
| 999 |
_c21744 _d21744 |
||